• 首页
  • 本馆介绍
  • 公告通知
  • 最新文献
  • 馆藏检索
  • 电子资源
  • 读者导购
  • 参考咨询
  • 我的图书馆
  • 登录
  • 详细信息显示
  • 放入我的书架
  • 预约/预借图书
  • 作者相关作品
  • 分类相关作品
  • 丛书相关作品
  • 出版社相关作品

书目信息

  • 表格格式
  • 工作单格式
  • 卡片格式
题名:
Adobe Audition 2.0音频处理入门
    
 
作者: 陈鲲 编著
分册:  
出版信息: 北京   人民邮电出版社  2006
页数: 229页
开本: 26cm
丛书名: 电脑音乐大师系列
单 册:
中图分类: J614.8-39
科图分类:
主题词: 音乐制作--应用软件--教材 , 音乐制作 , 应用软件
电子资源:
ISBN: 7-115-15136-9
000 00957oam2 2200277 450
001 0709000069
005 20070531123625.29
010    @a7-115-15136-9@dCNY32.00
100    @a20060104e20072006em y0chiy0110 ea
101 0  @achi
102    @aCN@b110000
105    @aa z 000yy
200 1  @aAdobe Audition 2.0音频处理入门@AAdobe Audition 2.0 yin pin chu li ru men@f陈鲲编著
210    @a北京@c人民邮电出版社@d2006@h2007
215    @a229页@c照片@d26cm@e附光盘一片
225 2  @a电脑音乐大师系列
307    @a附光盘:ISBN 7-89488-223-2
330    @a本书内容包括:电脑音乐制作系统的搭建及硬件设备、Audition 2.0的菜单栏、各模式及界面、用Audition 2.0软件来做各种音频的处理以及各种效果器的使用等。
461  0 @12001 @a电脑音乐大师系列
606 0  @a音乐制作@x应用软件@j教材
606 0  @a音乐制作
606 0  @a应用软件
690    @aJ614.8-39@v4
701  0 @a陈鲲@Achen kun@c(音乐)@4编著
801  0 @aCN@bNLC@c20070531
905    @a10447@dJ614.8-39@e453
    
    Adobe Audition 2.0音频处理入门/陈鲲编著.-北京:人民邮电出版社,2006(2007)
    229页:照片;26cm+附光盘一片.-(电脑音乐大师系列)
    
    
    ISBN 7-115-15136-9:CNY32.00
    本书内容包括:电脑音乐制作系统的搭建及硬件设备、Audition 2.0的菜单栏、各模式及界面、用Audition 2.0软件来做各种音频的处理以及各种效果器的使用等。
●
相关链接 在E读中查询图书 在五车中查询图书 在当当中查询图书 在豆瓣中查询图书


正题名:Adobe Audition 2.0音频处理入门     索取号:J614.8-39/453         预约/预借

序号 登录号 条形码 馆藏地/架位号 状态 备注
1 0523883   205238839   第一样本阅览室/ [索取号:J614.8-39/453] 在馆    
2 0523884   205238848   第一借阅区/ [索取号:J614.8-39/453] 在馆    
3 0523886   205238866   第一借阅区/ [索取号:J614.8-39/453] 在馆    
唐山师范学院图书馆 欢迎您!
大连网信软件有限公司© 版权所有